Normale Ansicht MARC-Ansicht ISBD

Männer Völker und Zeiten : (Titelsatznr. 48737)

[ MARC ]
MARC-Details
000 -Satzkennung
Kontrollfeld mit fester Länge 00511nam a22001811c 4500
001 - Kontrollnummer
Kontrollfeld 23440390x
008 - Feld mit fester Länge zur physischen Beschreibung - Allgemeine Angaben
Kontrollfeld mit fester Länge 171221s1912 gw a||| 000u ger d
041 ## - Sprachcode
Sprachcode des Textes/der Tonspur oder des separaten Titels ger
040 ## - Katalogisierungsquelle
Übertragungsstelle RU-10907106
003 - Kontrollnummer Identifier
Kontrollfeld RU-10907106
100 1# - Haupteintragung - Personenname
Personenname Wirth, Albrecht
245 00 - Titel
Titel Männer Völker und Zeiten :
Zusatz zum Titel eine Weltgeschichte in einem Bande /
Verfasserangabe etc. von Albrecht Wirth
250 ## - Ausgabebezeichnung
Ausgabebezeichnung 1. - 10. Tsd.
264 ## - Produktion, Veröffentlichung, Distribution, Herstellung und Urheberrechtsvermerk
Herstellungs-, Veröffentlichungs- Vertriebs-, Erzeugungsort Hamburg [u.a.] :
Produzent, Herausgeber, Distributor, Hersteller Janssen,
Datum der Herstellung, der Veröffentlichung, des Vertriebs oder des Urheberschutzvermerks 1912
300 ## - Physische Beschreibung
Umfang 332 S. : Ill., graph. Darst.
650 #0 - Nebeneintragung unter einem Schlagwort - Sachschlagwort
Sachschlagwort oder geografischer Name als Eintragungselement Weltgeschichte
942 ## - Zusätzliche Felder (Koha)
Koha-Medientyp Monographien
Exemplare
Ausgeschieden Verloren Klassifikation oder Aufstellungssystematik Beschädigt Nicht entleihbar Heimatbibliothek Aufenthaltsbibliothek Aufstellungsort Erwerbungsdatum Inventarnummer Signatur Barcode Letzte Aktivität Preis gültig von Koha-Medientyp
    Andere/Generische Klassifikation     MWN Osteuropa MWN Osteuropa Lesesaal - 1 21/12/2017 17-05042 W 10 B b Wir E004015079088BD4 23/02/2021 22/03/2021 Monographien